[Event "Alushta Summer6 IM"]
[Site "Alushta"]
[Date "2009.06.20"]
[Round "9"]
[White "Obukhov, Alexander"]
[Black "Martynov, Pavel1111"]
[Result "1/2-1/2"]
[WhiteElo "2409"]
[BlackElo "1992"]
[PlyCount "22"]
[EventDate "2009.06.15"]
[EventType "tourn"]
[EventRounds "13"]
[EventCountry "UKR"]
[SourceTitle "EXT 2014"]
[Source "ChessBase"]
[SourceDate "2013.11.20"]
[SourceVersion "1"]
[SourceVersionDate "2013.11.20"]
[SourceQuality "1"]

1. e4 e5 2. Nf3 Nf6 3. Nxe5 d6 4. Nf3 Nxe4 5. d3 Nf6 6. d4 d5 7. Bd3 Bd6 8. 0-0 0-0 9. Bg5 Bg4 10. Nbd2 Nbd7 11. c3 c6 1/2-1/2

[Event "Alushta Summer6 IM"]
[Site "Alushta"]
[Date "2009.06.18"]
[Round "5"]
[White "Obukhov, Alexander"]
[Black "Savitskiy, Sergey"]
[Result "1-0"]
[WhiteElo "2409"]
[BlackElo "2190"]
[PlyCount "75"]
[EventDate "2009.06.15"]
[EventType "tourn"]
[EventRounds "13"]
[EventCountry "UKR"]
[SourceTitle "EXT 2014"]
[Source "ChessBase"]
[SourceDate "2013.11.20"]
[SourceVersion "1"]
[SourceVersionDate "2013.11.20"]
[SourceQuality "1"]

1. c4 e5 2. g3 Nc6 3. Bg2 f5 4. e3 Nf6 5. Nc3 d5 6. Nxd5 Nxd5 7. cxd5 Nb4 8. d3 Nxd5 9. a3 Nf6 10. Qb3 c6 11. Nf3 Bd6 12. 0-0 Qe7 13. e4 Be6 14. Qc2 0-0 15. Bd2 Kh8 16. Bc3 Nd7 17. b4 fxe4 18. dxe4 a5 19. bxa5 Rf6 20. Nh4 Raf8 21. Rab1 Bc5 22. Bb4 g6 23. Kh1 Kg8 24. f3 Bxb4 25. axb4 Nb8 26. Rfd1 Na6 27. b5 cxb5 28. Rxb5 Nb4 29. Qb2 Rd8 30. Rf1 Nd3 31. Rxb7 Qd6 32. Qb6 Nc5 33. Rc7 Na4 34. Qxd6 Rxd6 35. Ra1 Bb3 36. Bf1 Rc6 37. Rxc6 Rxc6 38. Bb5 1-0

[Event "Alushta June-B"]
[Site "Alushta"]
[Date "2009.06.09"]
[Round "8"]
[White "Obukhov, Alexander"]
[Black "Sharevich, Anna"]
[Result "1-0"]
[WhiteElo "2409"]
[BlackElo "2358"]
[PlyCount "101"]
[EventDate "2009.06.02"]
[EventType "tourn"]
[EventRounds "11"]
[EventCountry "UKR"]
[SourceTitle "CBM 130 Extra"]
[Source "ChessBase"]
[SourceDate "2009.07.02"]
[SourceVersion "2"]
[SourceVersionDate "2009.07.15"]
[SourceQuality "1"]

1. c4 e5 2. g3 Nc6 3. Bg2 Bc5 4. e3 d6 5. a3 a6 6. Ne2 Ba7 7. Nbc3 Be6 8. Nd5 Qd7 9. d4 Nd8 10. b3 c6 11. Ndc3 Nf6 12. h3 exd4 13. Nxd4 0-0 14. g4 Qe7 15. Bb2 Nd7 16. Qd2 Bxd4 17. Qxd4 f5 18. Rd1 Ne5 19. gxf5 Bxf5 20. Ne4 Bxe4 21. Bxe4 Qh4 22. Rh2 Ndf7 23. Bh1 Qg5 24. Kd2 Nh6 25. Kc1 Nf5 26. Qc3 Qe7 27. c5 Rae8 28. cxd6 Qd7 29. Be4 Ng6 30. Bxf5 Rxf5 31. h4 Ne5 32. Rg2 h5 33. Rg5 Rxg5 34. hxg5 Ng4 35. Rd2 b5 36. Qc5 g6 37. Rc2 Re6 38. Rd2 Re8 39. Qd4 Kh7 40. f3 Ne5 41. Qf4 Nf7 42. Qf6 Nd8 43. e4 Ne6 44. Rh2 Ng7 45. f4 Qa7 46. Bd4 c5 47. Bb2 Kg8 48. Qxg6 c4 49. Qxg7+ Qxg7 50. Bxg7 Kxg7 51. e5 1-0

[Event "Alushta June-B"]
[Site "Alushta"]
[Date "2009.06.03"]
[Round "2"]
[White "Sazonova, Elena"]
[Black "Obukhov, Alexander"]
[Result "1-0"]
[WhiteElo "2175"]
[BlackElo "2409"]
[PlyCount "55"]
[EventDate "2009.06.02"]
[EventType "tourn"]
[EventRounds "11"]
[EventCountry "UKR"]
[SourceTitle "CBM 130 Extra"]
[Source "ChessBase"]
[SourceDate "2009.07.02"]
[SourceVersion "2"]
[SourceVersionDate "2009.07.15"]
[SourceQuality "1"]

1. e4 e5 2. Nf3 Nc6 3. d4 exd4 4. Bc4 Nf6 5. e5 d5 6. Bb5 Ne4 7. Nxd4 Bd7 8. Bxc6 Bxc6 9. Be3 Bd7 10. Ne2 c6 11. 0-0 f6 12. c4 Qe7 13. cxd5 Qxe5 14. dxc6 Bxc6 15. Nd4 Bd6 16. f4 Qd5 17. Nxc6 Qxc6 18. Nd2 Nxd2 19. Qxd2 0-0 20. Rfd1 Rad8 21. Qf2 b6 22. Rac1 Qe4 23. Rd4 Qe6 24. b4 a5 25. Rc6 axb4 26. Qd2 Rfe8 27. Bf2 Qf5 28. Rcxd6 1-0

[Event "Alushta May-B"]
[Site "Alushta"]
[Date "2009.05.??"]
[Round "16"]
[White "Obukhov, Alexander"]
[Black "Amanov, Zhanibek"]
[Result "1/2-1/2"]
[WhiteElo "2409"]
[BlackElo "2390"]
[PlyCount "34"]
[EventDate "2009.05.??"]
[EventType "tourn"]
[EventRounds "18"]
[EventCountry "UKR"]
[EventCategory "5"]
[SourceTitle "CBM 130 Extra"]
[Source "ChessBase"]
[SourceDate "2009.07.02"]
[SourceVersion "2"]
[SourceVersionDate "2009.07.15"]
[SourceQuality "1"]

1. d4 d5 2. c4 e6 3. Nc3 Nf6 4. Bg5 Be7 5. Nf3 h6 6. Bh4 0-0 7. e3 Ne4 8. Bxe7 Qxe7 9. Rc1 c6 10. Bd3 Nxc3 11. Rxc3 dxc4 12. Bxc4 Nd7 13. 0-0 b6 14. Bd3 c5 15. Be4 Rb8 16. Qc2 Ba6 17. Rc1 Rbc8 1/2-1/2

[Event "Alushta May-B"]
[Site "Alushta"]
[Date "2009.05.??"]
[Round "6"]
[White "Obukhov, Alexander"]
[Black "Khader, Sami"]
[Result "0-1"]
[WhiteElo "2409"]
[BlackElo "2402"]
[PlyCount "62"]
[EventDate "2009.05.??"]
[EventType "tourn"]
[EventRounds "18"]
[EventCountry "UKR"]
[EventCategory "5"]
[SourceTitle "CBM 130 Extra"]
[Source "ChessBase"]
[SourceDate "2009.07.02"]
[SourceVersion "2"]
[SourceVersionDate "2009.07.15"]
[SourceQuality "1"]

1. d4 f5 2. c4 Nf6 3. Nc3 d6 4. Nf3 g6 5. g3 Bg7 6. Bg2 0-0 7. 0-0 Nc6 8. d5 Na5 9. Nd2 c5 10. dxc6 bxc6 11. Qc2 Rb8 12. b3 e5 13. Bb2 e4 14. e3 Ng4 15. h3 Ne5 16. Ne2 Be6 17. Nf4 Bf7 18. Bc3 Nb7 19. b4 Qe7 20. Rfd1 g5 21. Ne2 Bh5 22. Kf1 Rbe8 23. Rab1 Nd3 24. Bxg7 Qxg7 25. b5 f4 26. bxc6 Nbc5 27. Nxe4 Nxf2 28. Kxf2 f3 29. N2c3 fxg2+ 30. Kg1 Nxe4 31. Nxe4 Bg6 0-1

[Event "Alushta May-B"]
[Site "Alushta"]
[Date "2009.05.??"]
[Round "11"]
[White "Obukhov, Alexander"]
[Black "Shtyrenkov, Veniamen"]
[Result "1/2-1/2"]
[WhiteElo "2409"]
[BlackElo "2380"]
[PlyCount "37"]
[EventDate "2009.05.??"]
[EventType "tourn"]
[EventRounds "18"]
[EventCountry "UKR"]
[EventCategory "5"]
[SourceTitle "CBM 130 Extra"]
[Source "ChessBase"]
[SourceDate "2009.07.02"]
[SourceVersion "2"]
[SourceVersionDate "2009.07.15"]
[SourceQuality "1"]

1. e4 e5 2. Nf3 Nc6 3. Bb5 a6 4. Ba4 Nf6 5. 0-0 Be7 6. Re1 b5 7. Bb3 d6 8. c3 0-0 9. h3 Na5 10. Bc2 c5 11. d4 Qc7 12. Nbd2 Bd7 13. Nf1 cxd4 14. cxd4 Rac8 15. Ne3 Nc6 16. d5 Nb4 17. Bb1 a5 18. a3 Na6 19. b4 1/2-1/2

[Event "Khanty-Mansiysk Governor Cup"]
[Site "Khanty-Mansiysk"]
[Date "2008.10.22"]
[Round "8"]
[White "Obukhov, Alexander"]
[Black "Gasanov, Eldar"]
[Result "0-1"]
[WhiteElo "2436"]
[BlackElo "2550"]
[PlyCount "62"]
[EventDate "2008.10.15"]
[EventType "swiss"]
[EventRounds "9"]
[EventCountry "RUS"]
[SourceTitle "EXT 2010"]
[Source "ChessBase"]
[SourceDate "2010.11.25"]
[SourceVersion "1"]
[SourceVersionDate "2010.11.25"]
[SourceQuality "1"]

1. c4 e5 2. g3 Nf6 3. Bg2 d5 4. cxd5 Nxd5 5. Nf3 Nc6 6. 0-0 Nb6 7. b3 Be7 8. Bb2 f6 9. d3 0-0 10. Nbd2 Be6 11. a3 a5 12. Qc2 Qd7 13. Rfc1 Rfd8 14. Ne4 Bf8 15. Nfd2 Bg4 16. Nf1 Nd5 17. f3 Be6 18. Nc5 Bxc5+ 19. Qxc5 Nde7 20. b4 Nf5 21. Nd2 Nfd4 22. Bxd4 Nxd4 23. Bf1 axb4 24. axb4 Rxa1 25. Rxa1 b6 26. Qc3 Nb5 27. Qb2 Qd4+ 28. Qxd4 Rxd4 29. Rb1 Na3 30. Rc1 Bd5 31. b5 Rb4 0-1

[Event "Khanty-Mansiysk Governor Cup"]
[Site "Khanty-Mansiysk"]
[Date "2008.10.21"]
[Round "7"]
[White "Obukhov, Alexander"]
[Black "Chernyshov, Konstantin"]
[Result "1/2-1/2"]
[WhiteElo "2436"]
[BlackElo "2569"]
[PlyCount "55"]
[EventDate "2008.10.15"]
[EventType "swiss"]
[EventRounds "9"]
[EventCountry "RUS"]
[SourceTitle "EXT 2010"]
[Source "ChessBase"]
[SourceDate "2010.11.25"]
[SourceVersion "1"]
[SourceVersionDate "2010.11.25"]
[SourceQuality "1"]

1. Nf3 Nf6 2. c4 b6 3. g3 Bb7 4. Bg2 e6 5. b3 Be7 6. Bb2 0-0 7. 0-0 d5 8. Nc3 d4 9. Na4 c5 10. e3 dxe3 11. fxe3 Qc7 12. Qe2 Nbd7 13. Nc3 Rad8 14. Rad1 Ne5 15. d4 Nxf3+ 16. Bxf3 Bxf3 17. Qxf3 cxd4 18. exd4 a6 19. Kg2 Rd7 20. d5 exd5 21. Nxd5 Nxd5 22. Rxd5 Rxd5 23. Qxd5 Bc5 24. Bxg7 Kxg7 25. Qg5+ Kh8 26. Qf6+ Kg8 27. Qg5+ Kh8 28. Qf6+ 1/2-1/2

[Event "Khanty-Mansiysk Governor Cup"]
[Site "Khanty-Mansiysk"]
[Date "2008.10.19"]
[Round "5"]
[White "Kazakov, Konstantin"]
[Black "Obukhov, Alexander"]
[Result "0-1"]
[WhiteElo "2250"]
[BlackElo "2436"]
[PlyCount "88"]
[EventDate "2008.10.15"]
[EventType "swiss"]
[EventRounds "9"]
[EventCountry "RUS"]
[SourceTitle "EXT 2010"]
[Source "ChessBase"]
[SourceDate "2010.11.25"]
[SourceVersion "1"]
[SourceVersionDate "2010.11.25"]
[SourceQuality "1"]

1. e4 e5 2. Nf3 Nc6 3. Bb5 a6 4. Ba4 Nf6 5. 0-0 Be7 6. Re1 b5 7. Bb3 d6 8. c3 0-0 9. h3 Na5 10. Bc2 c5 11. d4 Qc7 12. Nbd2 Bd7 13. d5 Kh8 14. Nf1 Ng8 15. g4 g6 16. b3 f5 17. exf5 gxf5 18. Ne3 fxg4 19. Qd3 Rf7 20. hxg4 Nh6 21. g5 Rg8 22. Kf1 Bxg5 23. Nxg5 Rxg5 24. Ng2 Rh5 25. Bxh6 Rxh6 26. Qe3 Rh1+ 27. Ke2 Bg4+ 28. Kd2 Rh3 29. Qg5 Rxf2+ 30. Kc1 Qg7 31. Qd8+ Qf8 32. Qxf8+ Rxf8 33. Ne3 Bd7 34. Re2 Rh1+ 35. Kb2 Rxa1 36. Kxa1 Rf6 37. Rh2 h6 38. Kb2 Nb7 39. a4 bxa4 40. bxa4 Nd8 41. Nc4 Bg4 42. Nb6 Nf7 43. Bb3 h5 44. Nc4 Rf4 0-1

[Event "Khanty-Mansiysk Governor Cup"]
[Site "Khanty-Mansiysk"]
[Date "2008.10.17"]
[Round "3"]
[White "Demianjuk, Alexander"]
[Black "Obukhov, Alexander"]
[Result "1/2-1/2"]
[WhiteElo "2323"]
[BlackElo "2436"]
[PlyCount "53"]
[EventDate "2008.10.15"]
[EventType "swiss"]
[EventRounds "9"]
[EventCountry "RUS"]
[SourceTitle "EXT 2010"]
[Source "ChessBase"]
[SourceDate "2010.11.25"]
[SourceVersion "1"]
[SourceVersionDate "2010.11.25"]
[SourceQuality "1"]

1. e4 e5 2. Nf3 Nc6 3. Bb5 a6 4. Ba4 d6 5. 0-0 Bd7 6. c3 g6 7. d4 Bg7 8. Re1 b5 9. Bb3 Nf6 10. a4 0-0 11. Nbd2 exd4 12. cxd4 Na5 13. Bc2 Re8 14. h3 c6 15. Nf1 h6 16. Bf4 Be6 17. N1d2 Qd7 18. Ra3 Nc4 19. Nxc4 bxc4 20. a5 d5 21. e5 Nh5 22. Bd2 Bf8 23. Ra1 Rab8 24. b3 Rb7 25. bxc4 dxc4 26. g4 Ng7 27. Bxh6 1/2-1/2

[Event "Alushta Autumn 5th"]
[Site "Alushta"]
[Date "2008.10.06"]
[Round "13"]
[White "Obukhov, Alexander"]
[Black "Gevorgyan, David"]
[Result "1/2-1/2"]
[WhiteElo "2438"]
[BlackElo "2141"]
[PlyCount "47"]
[EventDate "2008.09.26"]
[EventType "tourn"]
[EventRounds "14"]
[EventCountry "UKR"]
[EventCategory "6"]
[SourceTitle "CBM 126 Extra"]
[Source "ChessBase"]
[SourceDate "2008.11.05"]
[SourceVersion "1"]
[SourceVersionDate "2008.11.05"]
[SourceQuality "1"]

1. e4 e5 2. Nf3 Nc6 3. Bb5 a6 4. Ba4 Nf6 5. 0-0 Be7 6. Re1 b5 7. Bb3 0-0 8. c3 d5 9. exd5 Nxd5 10. Nxe5 Nxe5 11. Rxe5 c6 12. d4 Bd6 13. Re1 Qh4 14. g3 Qh3 15. Re4 g5 16. Qf1 Qxf1+ 17. Kxf1 Bf5 18. Nd2 Rad8 19. Re1 Rde8 20. Nf3 g4 21. Bh6 gxf3 22. Bxf8 Rxf8 23. Bd1 Bg4 24. a4 1/2-1/2

[Event "Alushta Autumn 5th"]
[Site "Alushta"]
[Date "2008.10.05"]
[Round "12"]
[White "Obukhov, Alexander"]
[Black "Shtyrenkov, Veniamen"]
[Result "1/2-1/2"]
[WhiteElo "2438"]
[BlackElo "2348"]
[PlyCount "23"]
[EventDate "2008.09.26"]
[EventType "tourn"]
[EventRounds "14"]
[EventCountry "UKR"]
[EventCategory "6"]
[SourceTitle "CBM 126 Extra"]
[Source "ChessBase"]
[SourceDate "2008.11.05"]
[SourceVersion "1"]
[SourceVersionDate "2008.11.05"]
[SourceQuality "1"]

1. c4 Nf6 2. Nc3 c5 3. Nf3 Nc6 4. e3 e6 5. d4 d5 6. a3 a6 7. dxc5 Bxc5 8. b4 Ba7 9. Bb2 dxc4 10. Qxd8+ Kxd8 11. Bxc4 Ke7 12. Ke2 1/2-1/2

[Event "Alushta Autumn 5th"]
[Site "Alushta"]
[Date "2008.09.30"]
[Round "6"]
[White "Gevorgyan, David"]
[Black "Obukhov, Alexander"]
[Result "0-1"]
[WhiteElo "2141"]
[BlackElo "2438"]
[PlyCount "82"]
[EventDate "2008.09.26"]
[EventType "tourn"]
[EventRounds "14"]
[EventCountry "UKR"]
[EventCategory "6"]
[SourceTitle "CBM 126 Extra"]
[Source "ChessBase"]
[SourceDate "2008.11.05"]
[SourceVersion "1"]
[SourceVersionDate "2008.11.05"]
[SourceQuality "1"]

1. Nf3 Nf6 2. g3 c5 3. Bg2 Nc6 4. 0-0 e5 5. d3 Be7 6. e4 0-0 7. Nc3 d6 8. h3 Be6 9. Ng5 Bd7 10. f4 g6 11. Kh2 exf4 12. gxf4 Nd4 13. Be3 Ne6 14. Qd2 Bc6 15. Ne2 d5 16. e5 Nh5 17. Nxe6 fxe6 18. d4 c4 19. Bf3 Ng7 20. Ng3 Bh4 21. Bg4 Qe7 22. c3 b5 23. Ne2 a5 24. Bf2 Bxf2 25. Rxf2 b4 26. Rg1 Rab8 27. Rg3 Rf7 28. Ng1 a4 29. Nf3 a3 30. cxb4 axb2 31. Qxb2 Rxf4 32. Ng5 Qxb4 33. Rb3 cxb3 34. Rxf4 bxa2 35. Qxa2 Qc3 36. Qf2 Nf5 37. Bxf5 exf5 38. Qh4 h6 39. Nf3 Qe3 40. Ne1 g5 41. Ng2 Qxf4+ 0-1

[Event "Alushta Autumn 5th"]
[Site "Alushta"]
[Date "2008.09.30"]
[Round "7"]
[White "Obukhov, Alexander"]
[Black "Kovalev, Andrei"]
[Result "1/2-1/2"]
[WhiteElo "2438"]
[BlackElo "2550"]
[PlyCount "23"]
[EventDate "2008.09.26"]
[EventType "tourn"]
[EventRounds "14"]
[EventCountry "UKR"]
[EventCategory "6"]
[SourceTitle "CBM 126 Extra"]
[Source "ChessBase"]
[SourceDate "2008.11.05"]
[SourceVersion "1"]
[SourceVersionDate "2008.11.05"]
[SourceQuality "1"]

1. d4 Nf6 2. c4 g6 3. Nc3 Bg7 4. e4 d6 5. h3 0-0 6. Bg5 c6 7. Bd3 Qb6 8. Nge2 Qxb2 9. Na4 Qb4+ 10. Bd2 Qa3 11. Bc1 Qb4+ 12. Bd2 1/2-1/2

[Event "Alushta Autumn 5th"]
[Site "Alushta"]
[Date "2008.09.29"]
[Round "5"]
[White "Shtyrenkov, Veniamen"]
[Black "Obukhov, Alexander"]
[Result "1/2-1/2"]
[WhiteElo "2348"]
[BlackElo "2438"]
[PlyCount "23"]
[EventDate "2008.09.26"]
[EventType "tourn"]
[EventRounds "14"]
[EventCountry "UKR"]
[EventCategory "6"]
[SourceTitle "CBM 126 Extra"]
[Source "ChessBase"]
[SourceDate "2008.11.05"]
[SourceVersion "1"]
[SourceVersionDate "2008.11.05"]
[SourceQuality "1"]

1. e4 e5 2. Nf3 Nc6 3. Bb5 a6 4. Bxc6 dxc6 5. 0-0 f6 6. d4 exd4 7. Nxd4 c5 8. Nb3 Qxd1 9. Rxd1 Bd7 10. Nc3 0-0-0 11. Bf4 Ne7 12. Bg3 1/2-1/2

[Event "Alushta Autumn 5th"]
[Site "Alushta"]
[Date "2008.09.28"]
[Round "4"]
[White "Obukhov, Alexander"]
[Black "Amanov, Mesgen"]
[Result "1/2-1/2"]
[WhiteElo "2438"]
[BlackElo "2385"]
[PlyCount "29"]
[EventDate "2008.09.26"]
[EventType "tourn"]
[EventRounds "14"]
[EventCountry "UKR"]
[EventCategory "6"]
[SourceTitle "CBM 126 Extra"]
[Source "ChessBase"]
[SourceDate "2008.11.05"]
[SourceVersion "1"]
[SourceVersionDate "2008.11.05"]
[SourceQuality "1"]

1. c4 e6 2. Nf3 Nf6 3. g3 d5 4. Bg2 Be7 5. 0-0 0-0 6. d4 dxc4 7. Qc2 a6 8. Qxc4 b5 9. Qc2 Bb7 10. Bd2 Be4 11. Qc1 Nbd7 12. Ba5 Ra7 13. Nc3 Ba8 14. Qc2 Qb8 15. b4 1/2-1/2

[Event "Alushta Autumn 5th"]
[Site "Alushta"]
[Date "2008.09.27"]
[Round "2"]
[White "Obukhov, Alexander"]
[Black "Kutynec, Vladimir"]
[Result "1-0"]
[WhiteElo "2438"]
[BlackElo "2281"]
[PlyCount "65"]
[EventDate "2008.09.26"]
[EventType "tourn"]
[EventRounds "14"]
[EventCountry "UKR"]
[EventCategory "6"]
[SourceTitle "CBM 126 Extra"]
[Source "ChessBase"]
[SourceDate "2008.11.05"]
[SourceVersion "1"]
[SourceVersionDate "2008.11.05"]
[SourceQuality "1"]

1. c4 Nf6 2. Nf3 c5 3. Nc3 e6 4. g3 b6 5. Bg2 Bb7 6. 0-0 Be7 7. b3 0-0 8. Bb2 Ne4 9. Qc2 Nxc3 10. Bxc3 Nc6 11. Rad1 Qc7 12. Qb2 f6 13. e3 a6 14. d4 b5 15. d5 b4 16. Bd2 Nd8 17. e4 Nf7 18. Ne1 a5 19. Nd3 e5 20. a3 d6 21. Ra1 Rfb8 22. a4 g5 23. f4 Kh8 24. fxe5 Nxe5 25. Nxe5 fxe5 26. Bh3 Rf8 27. Be3 h6 28. Qe2 Rxf1+ 29. Rxf1 Rf8 30. Qh5 Rxf1+ 31. Kxf1 Kg7 32. Bf5 Bf8 33. Bxg5 1-0

[Event "Alushta Autumn 1st"]
[Site "Alushta"]
[Date "2008.09.06"]
[Round "5"]
[White "Iljin, Timofey"]
[Black "Obukhov, Alexander"]
[Result "1-0"]
[WhiteElo "2408"]
[BlackElo "2438"]
[PlyCount "89"]
[EventDate "2008.09.02"]
[EventType "tourn"]
[EventRounds "11"]
[EventCountry "UKR"]
[EventCategory "5"]
[SourceTitle "CBM 126 Extra"]
[Source "ChessBase"]
[SourceDate "2008.11.05"]
[SourceVersion "1"]
[SourceVersionDate "2008.11.05"]
[SourceQuality "1"]

1. d4 Nf6 2. c4 e6 3. Nc3 Bb4 4. e3 b6 5. Bd3 Bb7 6. Nge2 Bxg2 7. Rg1 Be4 8. a3 Bxd3 9. Qxd3 Bxc3+ 10. Nxc3 g6 11. e4 d6 12. Bg5 h6 13. Qh3 Rh7 14. Bh4 g5 15. Bg3 h5 16. e5 dxe5 17. Bxe5 Nfd7 18. 0-0-0 g4 19. Rxg4 hxg4 20. Qxh7 Qg5+ 21. Rd2 Nc6 22. Qe4 0-0-0 23. Bf4 Qf5 24. Qxf5 exf5 25. b4 Re8 26. Re2 Rxe2 27. Nxe2 Ne7 28. Kd2 Ng6 29. Ke3 f6 30. Ng3 Nh4 31. Bh6 c5 32. dxc5 bxc5 33. Kf4 cxb4 34. axb4 Nf3 35. Kxf5 Nxh2 36. Ne4 Ne5 37. c5 Nc6 38. Bd2 Nd4+ 39. Kxf6 Kd7 40. Ke5 Ndf3+ 41. Kd5 Nh4 42. c6+ Kc8 43. Nd6+ Kb8 44. Bf4 N2f3 45. Nb5+ 1-0

[Event "Alushta Autumn 1st"]
[Site "Alushta"]
[Date "2008.09.04"]
[Round "3"]
[White "Simonian, Hrair"]
[Black "Obukhov, Alexander"]
[Result "1/2-1/2"]
[WhiteElo "2452"]
[BlackElo "2438"]
[PlyCount "105"]
[EventDate "2008.09.02"]
[EventType "tourn"]
[EventRounds "11"]
[EventCountry "UKR"]
[EventCategory "5"]
[SourceTitle "CBM 126 Extra"]
[Source "ChessBase"]
[SourceDate "2008.11.05"]
[SourceVersion "1"]
[SourceVersionDate "2008.11.05"]
[SourceQuality "1"]

1. e4 e5 2. Nf3 Nc6 3. Bb5 a6 4. Bxc6 dxc6 5. 0-0 f6 6. d4 exd4 7. Nxd4 c5 8. Nb3 Qxd1 9. Rxd1 Bg4 10. f3 Bd7 11. Bf4 0-0-0 12. Nc3 c4 13. Nd4 Ne7 14. Rd2 Ng6 15. Be3 Bb4 16. Nde2 Be6 17. Rad1 Rxd2 18. Rxd2 Re8 19. g4 Ne5 20. Kg2 b5 21. a3 Ba5 22. Rd1 c6 23. h3 g6 24. f4 Nd7 25. Nd4 Bxc3 26. bxc3 Bf7 27. Nxc6 Rxe4 28. Kf2 Re6 29. Nb4 f5 30. g5 Kd8 31. Bd4 a5 32. Nd5 Rd6 33. Nf6 Nxf6 34. gxf6 Kd7 35. Re1 Kc6 36. Rb1 a4 37. Re1 Rd8 38. Kg3 Re8 39. Be5 Rd8 40. Kh4 h6 41. Re2 Rd7 42. Bd4 Rd8 43. Re5 Rd5 44. Re1 Rd8 45. Kg3 Re8 46. Be5 Rd8 47. Kf3 Bd5+ 48. Ke3 Bf7 49. Re2 Rd7 50. h4 h5 51. Kf2 Rd8 52. Re1 Rd2+ 53. Re2 1/2-1/2

[Event "Voronezh op-A"]
[Site "Voronezh"]
[Date "2008.06.18"]
[Round "6"]
[White "Romanov, Evgeny"]
[Black "Obukhov, Alexander"]
[Result "1-0"]
[WhiteElo "2547"]
[BlackElo "2438"]
[PlyCount "79"]
[EventDate "2008.06.12"]
[EventType "swiss"]
[EventRounds "9"]
[EventCountry "RUS"]
[SourceTitle "CBM 125 Extra"]
[Source "ChessBase"]
[SourceDate "2008.09.01"]
[SourceVersion "1"]
[SourceVersionDate "2008.09.01"]
[SourceQuality "1"]

1. Nf3 Nf6 2. c4 c5 3. d4 cxd4 4. Nxd4 e6 5. Nc3 Bb4 6. g3 0-0 7. Bg2 Nc6 8. 0-0 Qe7 9. Nc2 Bxc3 10. bxc3 Rd8 11. Ba3 d6 12. Nd4 Ne5 13. Qb3 a6 14. f4 Neg4 15. Nc2 Qc7 16. Rad1 Ne8 17. Rd2 Bd7 18. Qxb7 Qxc4 19. Qf3 h5 20. h3 Ngf6 21. Ne3 Qxc3 22. Rd3 Qc7 23. g4 Bb5 24. Rb3 hxg4 25. hxg4 d5 26. f5 Qe5 27. Bb2 d4 28. g5 Nh7 29. Qh5 Ra7 30. Ng4 Bxe2 31. Rh3 Bxg4 32. Qxh7+ Kf8 33. f6 gxf6 34. Ba3+ Rd6 35. gxf6 Nxf6 36. Qh8+ Ke7 37. Rxf6 Qb5 38. Rxf7+ Kxf7 39. Rh7+ Kg6 40. Rh6+ 1-0

[Event "Voronezh op-A"]
[Site "Voronezh"]
[Date "2008.06.15"]
[Round "4"]
[White "Obukhov, Alexander"]
[Black "Shaposhnikov, Evgeny"]
[Result "1/2-1/2"]
[WhiteElo "2438"]
[BlackElo "2553"]
[PlyCount "26"]
[EventDate "2008.06.12"]
[EventType "swiss"]
[EventRounds "9"]
[EventCountry "RUS"]
[SourceTitle "CBM 125 Extra"]
[Source "ChessBase"]
[SourceDate "2008.09.01"]
[SourceVersion "1"]
[SourceVersionDate "2008.09.01"]
[SourceQuality "1"]

1. c4 e6 2. Nf3 d5 3. b3 d4 4. e3 Nc6 5. exd4 Nxd4 6. Nxd4 Qxd4 7. Nc3 Nf6 8. Bb2 Bc5 9. Qf3 Qe5+ 10. Be2 0-0 11. 0-0 Rd8 12. Rad1 Bd4 13. Rfe1 c6 1/2-1/2

[Event "Moscow Aeroflot op-A2"]
[Site "Moscow"]
[Date "2008.02.14"]
[Round "1"]
[White "Iljin, Artem"]
[Black "Obukhov, Alexander"]
[Result "1-0"]
[WhiteElo "2548"]
[BlackElo "2458"]
[PlyCount "73"]
[EventDate "2008.02.14"]
[EventType "swiss"]
[EventRounds "9"]
[EventCountry "RUS"]
[SourceTitle "CBM 122 Extra"]
[Source "ChessBase"]
[SourceDate "2008.03.04"]
[SourceVersion "1"]
[SourceVersionDate "2008.03.04"]
[SourceQuality "1"]

1. d4 Nf6 2. c4 e6 3. Nc3 Bb4 4. Qc2 0-0 5. a3 Bxc3+ 6. Qxc3 Ne4 7. Qc2 f5 8. e3 b6 9. Nh3 Bb7 10. f3 Nf6 11. Be2 a5 12. b3 c5 13. 0-0 Qe7 14. Bb2 d6 15. Bc3 Nbd7 16. Rfd1 Rac8 17. Qb2 Ba6 18. Be1 d5 19. cxd5 Bxe2 20. d6 Qxd6 21. Qxe2 Nd5 22. e4 fxe4 23. fxe4 Nf4 24. Nxf4 Qxf4 25. Bg3 Qg5 26. d5 e5 27. Rd3 c4 28. bxc4 Rxc4 29. Rad1 Nc5 30. Rf3 Rxe4 31. Rxf8+ Kxf8 32. Qf3+ Qf6 33. Qh5 Kg8 34. d6 g6 35. Qh6 Rd4 36. Rf1 Qxd6 37. Bxe5 1-0

[Event "Khanty-Mansiysk Governor Cup"]
[Site "Khanty-Mansiysk"]
[Date "2007.11.23"]
[Round "4"]
[White "Obukhov, Alexander"]
[Black "Frolyanov, Dmitry"]
[Result "1/2-1/2"]
[WhiteElo "2457"]
[BlackElo "2538"]
[PlyCount "160"]
[EventDate "2007.11.21"]
[EventType "swiss"]
[EventRounds "9"]
[EventCountry "RUS"]
[SourceTitle "CBM 121 Extra"]
[Source "ChessBase"]
[SourceDate "2008.01.10"]
[SourceVersion "1"]
[SourceVersionDate "2008.01.10"]
[SourceQuality "1"]

1. c4 e6 2. Nf3 d5 3. b3 Nf6 4. g3 c5 5. Bg2 Nc6 6. 0-0 Be7 7. e3 e5 8. cxd5 Nxd5 9. Bb2 Bf6 10. Qc1 Ndb4 11. Ne1 Be7 12. a3 Nd5 13. Nc3 Nf6 14. Na4 Qd6 15. Qc2 Bg4 16. f4 Rd8 17. Rf2 exf4 18. gxf4 0-0 19. Nf3 Bh5 20. Ne5 Bg6 21. Nxg6 hxg6 22. Rc1 b6 23. b4 Ng4 24. bxc5 Qe6 25. Re2 b5 26. Nc3 b4 27. Ne4 f5 28. Nd6 bxa3 29. Ba1 Bxd6 30. cxd6 Nb8 31. Qa4 Qxd6 32. Qxa7 Rd7 33. Qa4 Kh7 34. h3 Nf6 35. Be5 Qd3 36. Qc4 Ne4 37. Bd4 Qxc4 38. Rxc4 a2 39. Ra4 Nc6 40. Ba1 Rb8 41. Rxa2 Rb1+ 42. Kh2 Nb4 43. Bxe4 fxe4 44. Ra4 Nd3 45. Be5 Nc5 46. Rc4 Nb3 47. Bc3 Re7 48. Rb4 Nc1 49. Rxb1 Nxe2 50. Rb4 Nxc3 51. dxc3 Rc7 52. c4 Kh6 53. Kg3 Rc5 54. h4 Ra5 55. Rb5 Ra3 56. Kf2 Rc3 57. Rc5 Rc2+ 58. Ke1 Rc3 59. Kd2 Rd3+ 60. Ke2 Rc3 61. Rc6 Kh5 62. c5 Rc2+ 63. Kd1 Rc3 64. Kd2 Rd3+ 65. Ke2 Rc3 66. Re6 Rc2+ 67. Kd1 Rc4 68. c6 Kg4 69. Rxg6+ Kf3 70. Kd2 Rc5 71. Rd6 Kf2 72. h5 Rxh5 73. Rd4 Rc5 74. Rxe4 Rxc6 75. f5 Ra6 76. Re7 Kf3 77. Kd3 Rd6+ 78. Kc4 Rd8 79. Kc5 Kg4 80. e4 Kf4 1/2-1/2